000
00238nam a2200097Ia 4500
001
644977
005
20250826153615.0
008
250824s9999 xx 000 0 und d
245
0
_a
Gelincik Diz/Deli Bey
_c
Gülten Dayıoğlu
260
_b
ALTIN
999
_c
644977
_d
644977